000 00285 a2200133 4500
001 195030
040 _cMagnum
240 1 0 _aA flor que chegou primeiro
_lpor
245 1 0 _aA flor que chegou primeiro
300 _a12
362 0 _a2020
697 _aLITERATURA INFANTIL
942 _cBK
999 _c195030
_d195030